000 00300nam a22001337a 4500
008 180906b xxu||||| |||| 00| 0 eng d
020 _a9780873227308
041 _aeng
080 _a612.39
100 _a10
101 _aNut
245 _aSports Nutrition Guide book
_cClark,N
942 _2udc
_cBK
999 _c47597
_d47597